[Event "LSS No Engine Cup 231 Preliminary 0"]
[Site "LSS email"]
[Date "2022.11.22"]
[Round "?"]
[White "Hoehne, Ernst"]
[Black "Nowak, Andrzej"]
[Result "1/2-1/2"]
[WhiteElo "2079"]
[BlackElo "2043"]
[PlyCount "57"]
[EventDate "2022.11.22"]
[EventType "tourn (corr)"]
[EventRounds "6"]
[EventCountry "GER"]
[SourceTitle "Corr 2024"]
[Source "ChessBase"]
[SourceDate "2023.10.19"]
[SourceVersion "1"]
[SourceVersionDate "2023.10.19"]
[SourceQuality "1"]

1. e4 Nc6 2. d4 e6 3. Nf3 d5 4. exd5 exd5 5. Bb5 Bd6 6. 0-0 Nge7 7. c4 dxc4 8. Bxc4 0-0 9. h3 Nf5 10. Be3 Qf6 11. Nc3 Re8 12. Qd2 h6 13. Rae1 Bd7 14. Re2 Nh4 15. Nxh4 Qxh4 16. Rfe1 Ne7 17. Nb5 Bxb5 18. Bxb5 c6 19. Bc4 Nf5 20. Bd3 Nxe3 21. Rxe3 Rxe3 22. Qxe3 Rd8 23. Bc4 Qf6 24. Qe4 Bf8 25. d5 Bc5 26. Re2 cxd5 27. Bxd5 a5 28. Rd2 b6 29. g3 1/2-1/2

[Event "LSS No Engine Cup 230 Preliminary 0"]
[Site "LSS email"]
[Date "2022.10.08"]
[Round "?"]
[White "Neumann, Otto"]
[Black "Nowak, Andrzej"]
[Result "0-1"]
[WhiteElo "1171"]
[BlackElo "2035"]
[PlyCount "34"]
[EventDate "2022.10.08"]
[EventType "tourn (corr)"]
[EventRounds "6"]
[EventCountry "GER"]
[SourceTitle "Corr 2024"]
[Source "ChessBase"]
[SourceDate "2023.10.19"]
[SourceVersion "1"]
[SourceVersionDate "2023.10.19"]
[SourceQuality "1"]

1. e4 Nc6 2. Nf3 d6 3. Bb5 Bd7 4. Nc3 e5 5. a3 g5 6. h3 Bg7 7. d3 h6 8. 0-0 Nf6 9. Ba4 0-0 10. Bd2 g4 11. hxg4 Bxg4 12. Ne2 Rb8 13. Bb3 d5 14. Ng3 dxe4 15. Nxe4 Nxe4 16. dxe4 Bxf3 17. Qxf3 Qxd2 0-1

[Event "LSS No Engine Cup 227 Preliminary 0"]
[Site "LSS email"]
[Date "2022.05.26"]
[Round "?"]
[White "Nowak, Andrzej"]
[Black "Sabbatini, Giuseppe"]
[Result "1/2-1/2"]
[WhiteElo "2030"]
[BlackElo "2030"]
[PlyCount "83"]
[EventDate "2022.05.26"]
[EventType "tourn (corr)"]
[EventRounds "6"]
[EventCountry "GER"]
[SourceTitle "Corr 2024"]
[Source "ChessBase"]
[SourceDate "2023.10.19"]
[SourceVersion "1"]
[SourceVersionDate "2023.10.19"]
[SourceQuality "1"]

1. e4 e5 2. Nf3 Nc6 3. Bb5 a6 4. Ba4 Nf6 5. 0-0 b5 6. Bb3 Be7 7. d4 d6 8. c3 0-0 9. Qe2 Bg4 10. Rd1 exd4 11. cxd4 d5 12. e5 Ne4 13. h3 Bh5 14. Nc3 Nxc3 15. bxc3 Na5 16. Qe3 Qd7 17. Bc2 Nc4 18. Qf4 a5 19. Re1 b4 20. cxb4 axb4 21. Qg3 Rfe8 22. Bh6 Bf8 23. Bf4 Ra3 24. Qh4 g6 25. Ng5 h6 26. Nh7 Kxh7 27. Qxh5 Rc3 28. Qe2 c5 29. dxc5 Bg7 30. Bd3 Qc8 31. Bxc4 dxc4 32. Rac1 Qxc5 33. Rxc3 bxc3 34. Qf3 Rd8 35. Qxc3 Rd3 36. Qc2 Qd4 37. Be3 Qd5 38. Bf4 Rd4 39. g3 Bf8 40. Qb1 c3 41. h4 h5 42. Qc2 1/2-1/2

[Event "LSS No Engine Cup 214 Final"]
[Site "LSS email"]
[Date "2021.10.05"]
[Round "?"]
[White "Nowak, Andrzej"]
[Black "Wuttke, Bodo"]
[Result "1/2-1/2"]
[WhiteElo "2052"]
[BlackElo "2125"]
[PlyCount "86"]
[EventDate "2021.10.05"]
[EventType "tourn (corr)"]
[EventRounds "6"]
[EventCountry "GER"]
[SourceTitle "Corr 2024"]
[Source "ChessBase"]
[SourceDate "2023.10.19"]
[SourceVersion "1"]
[SourceVersionDate "2023.10.19"]
[SourceQuality "1"]

1. e4 e6 2. d4 d5 3. Nd2 c5 4. Ngf3 cxd4 5. exd5 Qxd5 6. Bc4 Qd6 7. 0-0 Nf6 8. Re1 Nc6 9. Nb3 Bd7 10. Qe2 Qc7 11. g3 Rc8 12. Bf4 Bd6 13. Bxd6 Qxd6 14. Rad1 0-0 15. Nbxd4 Qb8 16. Bd3 Nxd4 17. Nxd4 Rfd8 18. Nf3 Qc7 19. Qe3 a6 20. c4 h6 21. Ne5 Be8 22. b3 b5 23. a3 bxc4 24. Bxc4 a5 25. a4 Qb7 26. Rxd8 Rxd8 27. Rc1 Qb4 28. Nd3 Qd6 29. Qe1 Qb6 30. Ne5 Nd7 31. Nd3 Nf6 32. Ne5 Nd5 33. Bd3 Kf8 34. Be2 Kg8 35. Bd3 Rb8 36. Bc2 Nb4 37. Bd1 Na2 38. Rc4 Nb4 39. Rc1 Qd8 40. Bf3 Nd5 41. Bd1 Nb4 42. Bf3 Nd5 43. Bd1 Nb4 1/2-1/2

[Event "SC-2021-0-00411"]
[Site "LSS email"]
[Date "2021.10.01"]
[Round "?"]
[White "Martins, Karin"]
[Black "Nowak, Andrzej"]
[Result "1-0"]
[WhiteElo "1700"]
[BlackElo "1660"]
[PlyCount "101"]
[EventDate "2021.06.04"]
[EventType "tourn (corr)"]
[EventRounds "6"]
[EventCountry "GER"]
[SourceTitle "Corr 2024"]
[Source "ChessBase"]
[SourceDate "2023.10.19"]
[SourceVersion "1"]
[SourceVersionDate "2023.10.19"]
[SourceQuality "1"]

1. e4 Nc6 2. d4 d5 3. Nc3 e6 4. Bb5 dxe4 5. Nxe4 Qd5 6. Qe2 a6 7. Bxc6+ Qxc6 8. Nf3 Nf6 9. Nxf6+ gxf6 10. 0-0 Rg8 11. Rd1 b5 12. b3 Bb7 13. d5 Qd7 14. Bf4 Bc5 15. c4 0-0-0 16. Qc2 e5 17. Be3 Rxg2+ 18. Kxg2 Qg4+ 19. Kf1 Bxe3 20. fxe3 Qxf3+ 21. Qf2 Qe4 22. Qg2 Qxe3 23. Rac1 a5 24. Qg3 Qe4 25. Re1 Qg6 26. Re3 Kb8 27. Rf3 Qh6 28. Rd1 Qh5 29. Ke1 Rd6 30. cxb5 Qg6 31. Qxg6 hxg6 32. Rc3 Rxd5 33. Rxd5 Bxd5 34. Rc5 Bf3 35. Rc2 Bd5 36. Rf2 f5 37. Rc2 Be4 38. Rd2 Kc8 39. h4 f4 40. Re2 Bb1 41. Rxe5 Bxa2 42. Rc5 Bxb3 43. b6 a4 44. Rxc7+ Kb8 45. Ra7 f6 46. Kd2 g5 47. h5 g4 48. h6 Bg8 49. Rg7 Be6 50. h7 g3 51. h8Q+ 1-0

[Event "LSS No Engine Cup 215 Final"]
[Site "LSS email"]
[Date "2021.09.19"]
[Round "?"]
[White "Nowak, Andrzej"]
[Black "Mostowik, Daniel"]
[Result "0-1"]
[WhiteElo "2066"]
[BlackElo "2016"]
[PlyCount "154"]
[EventDate "2021.09.19"]
[EventType "tourn (corr)"]
[EventRounds "6"]
[EventCountry "GER"]
[SourceTitle "Corr 2024"]
[Source "ChessBase"]
[SourceDate "2023.10.19"]
[SourceVersion "1"]
[SourceVersionDate "2023.10.19"]
[SourceQuality "1"]

1. e4 e5 2. Nf3 Nc6 3. Bb5 Nf6 4. 0-0 Nxe4 5. d4 Nd6 6. Bxc6 dxc6 7. dxe5 Nf5 8. Qxd8+ Kxd8 9. Rd1+ Ke8 10. Nc3 Ne7 11. h3 Ng6 12. b3 a5 13. Bb2 h5 14. Rd2 Be7 15. Re1 Nf8 16. Nd4 h4 17. a4 Bb4 18. Red1 Rh5 19. Rd3 Bd7 20. Ne4 Ne6 21. Ne2 Rd8 22. f3 Be7 23. Kf2 Bc8 24. Rxd8+ Bxd8 25. f4 Be7 26. Kf3 Nc5 27. N2c3 Nxe4 28. Nxe4 b6 29. c4 Rh6 30. Bc3 Rg6 31. Be1 Bf5 32. Rd4 Be6 33. Rd2 Rh6 34. Rd1 f6 35. Bc3 Rg6 36. exf6 gxf6 37. Rd3 Kf7 38. Be1 Rh6 39. Re3 Rh8 40. Bc3 Rh5 41. Re1 b5 42. Rc1 b4 43. Be1 c5 44. Ke3 Bc8 45. Rc2 Bb7 46. Re2 Rh8 47. f5 Bc8 48. Rf2 Bf8 49. Ke2 Rg8 50. Kf1 Be7 51. Rf4 Rd8 52. Bxh4 Rd3 53. Bf2 Rxb3 54. Bxc5 Ra3 55. Bxe7 Kxe7 56. Ke2 Rxa4 57. Nd2 Ra1 58. c5 Ba6+ 59. Ke3 Bb5 60. Re4+ Kf7 61. Rh4 Ra3+ 62. Kf2 Rd3 63. Ke1 Re3+ 64. Kd1 Ba4+ 65. Kc1 Rc3+ 66. Kb1 Bc2+ 67. Kb2 Bxf5 68. Rc4 Rg3 69. Rf4 Rxg2 70. Kc1 Ke6 71. h4 Rg4 72. Rxg4 Bxg4 73. Nc4 a4 74. Nb2 a3 75. Nc4 Bh5 76. Kb1 Kd5 77. Na5 Kxc5 0-1

[Event "LSS No Engine Cup 215 Final"]
[Site "LSS email"]
[Date "2021.09.19"]
[Round "?"]
[White "Potapov, Evgeniy"]
[Black "Nowak, Andrzej"]
[Result "0-1"]
[WhiteElo "1955"]
[BlackElo "2066"]
[PlyCount "102"]
[EventDate "2021.09.19"]
[EventType "tourn (corr)"]
[EventRounds "6"]
[EventCountry "GER"]
[SourceTitle "Corr 2024"]
[Source "ChessBase"]
[SourceDate "2023.10.19"]
[SourceVersion "1"]
[SourceVersionDate "2023.10.19"]
[SourceQuality "1"]

1. Nf3 g6 2. e4 Bg7 3. d4 d6 4. Nc3 a6 5. a4 Nf6 6. Be2 0-0 7. 0-0 Nc6 8. h3 e5 9. dxe5 dxe5 10. Be3 Be6 11. Ng5 Qe7 12. Nxe6 Qxe6 13. Qc1 Rfd8 14. b3 Nd4 15. Bc4 Qc6 16. f3 b5 17. Nd5 Qc5 18. Nxf6+ Bxf6 19. Bd3 Bg5 20. Re1 c6 21. Kh2 Bxe3 22. Qxe3 Qc3 23. Ra2 a5 24. Rd1 b4 25. h4 Rd6 26. f4 exf4 27. Qxf4 Rd7 28. Qf6 Re8 29. Raa1 Re6 30. Qf4 Red6 31. Rac1 Ne6 32. Qg3 Nc5 33. e5 Rd5 34. Re1 Nxd3 35. cxd3 Qxb3 36. Rxc6 Qxa4 37. Rec1 Qb5 38. d4 Rd8 39. h5 Qe2 40. hxg6 Qh5+ 41. Kg1 hxg6 42. e6 Rxd4 43. exf7+ Kf8 44. Qxg6 Rd1+ 45. Rxd1 Rxd1+ 46. Kf2 Rd2+ 47. Kg3 Qxg6+ 48. Rxg6 b3 49. Rb6 a4 50. Kf3 b2 51. g4 Rd3+ 0-1

[Event "LSS No Engine Cup 215 Final"]
[Site "LSS email"]
[Date "2021.09.19"]
[Round "?"]
[White "Zonneveld, Will"]
[Black "Nowak, Andrzej"]
[Result "1-0"]
[WhiteElo "2362"]
[BlackElo "2066"]
[PlyCount "61"]
[EventDate "2021.09.19"]
[EventType "tourn (corr)"]
[EventRounds "6"]
[EventCountry "GER"]
[SourceTitle "Corr 2024"]
[Source "ChessBase"]
[SourceDate "2023.10.19"]
[SourceVersion "1"]
[SourceVersionDate "2023.10.19"]
[SourceQuality "1"]

1. d4 Nf6 2. c4 e6 3. Nf3 a6 4. Nc3 d5 5. cxd5 exd5 6. Bg5 Be6 7. e3 Nbd7 8. Bd3 Bd6 9. Bf4 Bxf4 10. exf4 Bg4 11. Qe2+ Kf8 12. h3 Bxf3 13. Qxf3 Qe7+ 14. Kf1 c6 15. g4 Qb4 16. Kg2 Qxd4 17. g5 Ne8 18. Rad1 Qb4 19. Rhe1 Rd8 20. f5 Qxb2 21. Bc4 Qa3 22. Bxd5 cxd5 23. Rxd5 Nc7 24. Rd3 Qb4 25. Red1 Qe7 26. h4 Na8 27. Nd5 Qe8 28. Re3 Ne5 29. Qf4 a5 30. Rxe5 Qc6 31. Re6 1-0

[Event "LSS RC-2021-0-00255"]
[Site "LSS email"]
[Date "2021.09.01"]
[Round "?"]
[White "Oliveira, Luiz"]
[Black "Nowak, Andrzej"]
[Result "1-0"]
[WhiteElo "1632"]
[BlackElo "1609"]
[PlyCount "81"]
[EventDate "2021.02.20"]
[EventType "tourn (corr)"]
[EventRounds "6"]
[EventCountry "GER"]
[SourceTitle "Corr 2024"]
[Source "ChessBase"]
[SourceDate "2023.10.19"]
[SourceVersion "1"]
[SourceVersionDate "2023.10.19"]
[SourceQuality "1"]

1. e4 c5 2. Nf3 d6 3. d4 cxd4 4. Nxd4 Nf6 5. Nc3 a6 6. Be3 Ng4 7. Bg5 h6 8. Bh4 g5 9. Bg3 Bg7 10. h3 Ne5 11. f3 Nbc6 12. Bf2 Ng6 13. Qd2 Nxd4 14. Bxd4 Bxd4 15. Qxd4 Be6 16. h4 gxh4 17. 0-0-0 Rg8 18. Qf2 Qa5 19. f4 Bxa2 20. Rh3 f6 21. b3 Qa3+ 22. Kd2 b5 23. Ra1 b4 24. Na4 Rc8 25. Kd1 Rc6 26. Qf3 Rc7 27. Qh5 Kf8 28. Qxh6+ Kf7 29. Qh7+ Kf8 30. Be2 a5 31. Rh1 Rg7 32. Qh6 Kf7 33. Qh5 Kf8 34. Qf5 Rg8 35. Bd3 Rg7 36. Qxa5 Rc8 37. Qf5 Rc7 38. Kd2 Rg8 39. g4 hxg3 40. Rh7 g2 41. Qd5 1-0

[Event "LSS No Engine Cup 218 Preliminary 0"]
[Site "LSS email"]
[Date "2021.06.07"]
[Round "?"]
[White "Nowak, Andrzej"]
[Black "Navarro, Roberto"]
[Result "1-0"]
[WhiteElo "2073"]
[BlackElo "1294"]
[PlyCount "120"]
[EventDate "2021.06.07"]
[EventType "tourn (corr)"]
[EventRounds "6"]
[EventCountry "GER"]
[SourceTitle "Corr 2024"]
[Source "ChessBase"]
[SourceDate "2023.10.19"]
[SourceVersion "1"]
[SourceVersionDate "2023.10.19"]
[SourceQuality "1"]

1. e4 c5 2. Nf3 d6 3. d4 cxd4 4. Nxd4 Nf6 5. Nc3 a6 6. Bg5 e6 7. Qf3 h6 8. Be3 e5 9. Nb3 b5 10. a3 Nbd7 11. Bd3 Be7 12. Qg3 Nh5 13. Qg4 Ndf6 14. Qd1 Bb7 15. 0-0 Rc8 16. Be2 Nf4 17. Bxf4 exf4 18. Bf3 0-0 19. Nd4 Nd7 20. Nd5 Bf6 21. c3 Bxd4 22. cxd4 Bxd5 23. exd5 g5 24. Rc1 Rxc1 25. Qxc1 Qb8 26. Qd2 Nf6 27. Rc1 Kg7 28. Rc6 Re8 29. g4 fxg3 30. hxg3 Qd8 31. Rxa6 Ng8 32. Be2 Re4 33. Bxb5 Qf6 34. Ra4 Qf3 35. Bf1 Nf6 36. Rc4 Re8 37. Rc2 Qxd5 38. b4 Ne4 39. Qd3 Nf6 40. Qc3 Qf5 41. b5 h5 42. Qd3 Qxd3 43. Bxd3 Ra8 44. b6 Rxa3 45. b7 Rb3 46. Ba6 Rb6 47. Rc7 Nd5 48. Rd7 h4 49. gxh4 gxh4 50. Rxd6 Rb1+ 51. Kh2 Nc7 52. Bc4 Rxb7 53. Rd7 Kf8 54. Bd5 Rb5 55. Bc6 Rb2 56. Rxc7 Rxf2+ 57. Kh3 Rd2 58. d5 Rd4 59. Ra7 Kg7 60. Ra4 Rxa4 1-0

[Event "LSS No Engine Cup 204 Final"]
[Site "LSS email"]
[Date "2021.03.15"]
[Round "?"]
[White "Nowak, Andrzej"]
[Black "Zonneveld, Will"]
[Result "0-1"]
[WhiteElo "2059"]
[BlackElo "2359"]
[PlyCount "100"]
[EventDate "2021.03.15"]
[EventType "tourn (corr)"]
[EventRounds "6"]
[EventCountry "GER"]
[SourceTitle "Corr 2024"]
[Source "ChessBase"]
[SourceDate "2023.10.19"]
[SourceVersion "1"]
[SourceVersionDate "2023.10.19"]
[SourceQuality "1"]

1. e4 c5 2. Nf3 d6 3. d4 cxd4 4. Nxd4 Nf6 5. Nc3 a6 6. Be3 e5 7. Nb3 Be6 8. Qf3 Nbd7 9. a4 Rc8 10. a5 Bg4 11. Qg3 h5 12. f3 Be6 13. Bd3 h4 14. Qf2 h3 15. g4 d5 16. exd5 Nxd5 17. Nxd5 Bxd5 18. 0-0 Be6 19. Rfd1 Be7 20. Nd2 Nc5 21. Bf1 Qc7 22. Ra3 0-0 23. b4 Nd7 24. c3 Nf6 25. Bxh3 Nd5 26. Ne4 Rcd8 27. Rc1 Nxe3 28. Qxe3 Bd5 29. Raa1 Bxe4 30. fxe4 Rd6 31. Rd1 Rfd8 32. Rd5 Rc6 33. Ra3 Rxd5 34. exd5 Rc4 35. Kh1 Bd6 36. Kg2 e4 37. Kh1 Bf4 38. Qe1 e3 39. Bf1 Bg5 40. Bxc4 Qxc4 41. Kg2 Qe4+ 42. Kh3 Qf3+ 43. Qg3 Qf1+ 44. Qg2 e2 45. Ra1 Qxa1 46. Qxe2 Qxc3+ 47. Kg2 g6 48. d6 Qc6+ 49. Qf3 Qxd6 50. Qxb7 Qd2+ 0-1

[Event "LSS No Engine Cup 215 Preliminary 0"]
[Site "LSS email"]
[Date "2021.03.13"]
[Round "?"]
[White "Lukin, Andrey"]
[Black "Nowak, Andrzej"]
[Result "0-1"]
[WhiteElo "1788"]
[BlackElo "2059"]
[PlyCount "38"]
[EventDate "2021.03.13"]
[EventType "tourn (corr)"]
[EventRounds "6"]
[EventCountry "GER"]
[SourceTitle "Corr 2024"]
[Source "ChessBase"]
[SourceDate "2023.10.19"]
[SourceVersion "1"]
[SourceVersionDate "2023.10.19"]
[SourceQuality "1"]

1. e4 Nc6 2. d4 d5 3. exd5 Qxd5 4. Be3 e5 5. c4 Qa5+ 6. Nc3 exd4 7. Bxd4 Nxd4 8. Qxd4 Be6 9. 0-0-0 Nf6 10. Nb5 a6 11. Nc3 Bd6 12. f4 0-0-0 13. Qf2 Bc5 14. Qc2 Be3+ 15. Kb1 Rxd1+ 16. Qxd1 Rd8 17. Qf3 Qf5+ 18. Ka1 Qc2 19. Qe2 Qc1+ 0-1

[Event "LSS No Engine Cup 215 Preliminary 0"]
[Site "LSS email"]
[Date "2021.03.13"]
[Round "?"]
[White "Nowak, Andrzej"]
[Black "Wilshusen, Horst"]
[Result "1-0"]
[WhiteElo "2059"]
[BlackElo "1495"]
[PlyCount "55"]
[EventDate "2021.03.13"]
[EventType "tourn (corr)"]
[EventRounds "6"]
[EventCountry "GER"]
[SourceTitle "Corr 2024"]
[Source "ChessBase"]
[SourceDate "2023.10.19"]
[SourceVersion "1"]
[SourceVersionDate "2023.10.19"]
[SourceQuality "1"]

1. e4 e6 2. d4 d5 3. Nc3 Bb4 4. e5 c5 5. a3 Bxc3+ 6. bxc3 Qc7 7. Qg4 f5 8. Qg3 Nc6 9. Nf3 cxd4 10. cxd4 h6 11. a4 Qf7 12. Ba3 Nge7 13. Bb5 Bd7 14. 0-0 a6 15. Bd3 Rc8 16. Rfb1 Na5 17. Qf4 Bc6 18. Nd2 g5 19. Qe3 h5 20. Qe1 g4 21. Bb4 Nc4 22. Bxc4 dxc4 23. Nxc4 Kd7 24. Nb6+ Kc7 25. Bd6+ Kd8 26. Qa5 Ke8 27. Bxe7 Kxe7 28. Qc5+ 1-0

[Event "LSS No Engine Cup 214 Preliminary 0"]
[Site "LSS email"]
[Date "2021.02.17"]
[Round "?"]
[White "Csoma, Robert"]
[Black "Nowak, Andrzej"]
[Result "0-1"]
[WhiteElo "1392"]
[BlackElo "2059"]
[PlyCount "50"]
[EventDate "2021.02.17"]
[EventType "tourn (corr)"]
[EventRounds "6"]
[EventCountry "GER"]
[SourceTitle "Corr 2024"]
[Source "ChessBase"]
[SourceDate "2023.10.19"]
[SourceVersion "1"]
[SourceVersionDate "2023.10.19"]
[SourceQuality "1"]

1. e4 Nc6 2. d4 d5 3. e5 Bf5 4. Nf3 e6 5. Be2 f6 6. 0-0 Qd7 7. Be3 Nge7 8. c3 Ng6 9. exf6 gxf6 10. Nbd2 h5 11. Re1 Bd6 12. c4 Nb4 13. Rf1 dxc4 14. Nxc4 0-0-0 15. Nxd6+ Qxd6 16. a3 Nd5 17. Qa4 Ngf4 18. Bxf4 Nxf4 19. Rfe1 Rdg8 20. Nh4 Nxg2 21. Nxg2 h4 22. Kh1 h3 23. Ne3 Qf4 24. Nxf5 Rg2 25. Ng3 Qxf2 0-1

[Event "LSS No Engine Cup 214 Preliminary 0"]
[Site "LSS email"]
[Date "2021.02.17"]
[Round "?"]
[White "Mostowik, Pawel"]
[Black "Nowak, Andrzej"]
[Result "1/2-1/2"]
[WhiteElo "2190"]
[BlackElo "2059"]
[PlyCount "55"]
[EventDate "2021.02.17"]
[EventType "tourn (corr)"]
[EventRounds "6"]
[EventCountry "GER"]
[SourceTitle "Corr 2024"]
[Source "ChessBase"]
[SourceDate "2023.10.19"]
[SourceVersion "1"]
[SourceVersionDate "2023.10.19"]
[SourceQuality "1"]

1. e4 Nc6 2. Nf3 e6 3. d4 Nf6 4. e5 Nd5 5. c4 Nb6 6. Nc3 d6 7. exd6 cxd6 8. Be2 Be7 9. 0-0 0-0 10. Qc2 d5 11. c5 Nd7 12. Rb1 a6 13. b4 b6 14. Bd3 h6 15. Qd1 Qc7 16. g3 bxc5 17. bxc5 Rb8 18. Bf4 Rxb1 19. Bxb1 Qa7 20. Qc2 Nf6 21. Rd1 Bb7 22. Ne5 Rd8 23. h4 Kf8 24. Na4 Nb4 25. Qb2 Nc6 26. Qc2 Nb4 27. Qd2 Nc6 28. Qc2 1/2-1/2

[Event "LSS No Engine Cup 214 Preliminary 0"]
[Site "LSS email"]
[Date "2021.02.17"]
[Round "?"]
[White "Nowak, Andrzej"]
[Black "Hoehne, Micha"]
[Result "1-0"]
[WhiteElo "2059"]
[BlackElo "2067"]
[PlyCount "135"]
[EventDate "2021.02.17"]
[EventType "tourn (corr)"]
[EventRounds "6"]
[EventCountry "GER"]
[SourceTitle "Corr 2024"]
[Source "ChessBase"]
[SourceDate "2023.10.19"]
[SourceVersion "1"]
[SourceVersionDate "2023.10.19"]
[SourceQuality "1"]

1. e4 e5 2. Nf3 Nc6 3. Bb5 Nf6 4. 0-0 Nxe4 5. d4 Be7 6. Qe2 Nd6 7. Bxc6 bxc6 8. dxe5 Nf5 9. Qe4 g6 10. Nd4 Nxd4 11. Qxd4 0-0 12. Bh6 Re8 13. Nc3 d5 14. Na4 Bf5 15. b3 Rb8 16. c3 Rb5 17. Qxa7 c5 18. c4 Rb8 19. cxd5 Bd3 20. d6 cxd6 21. Rfd1 dxe5 22. Rac1 Ra8 23. Qb7 Rb8 24. Qf3 e4 25. Qe3 Bf6 26. Qd2 c4 27. bxc4 Be5 28. c5 Qc7 29. g3 Qc6 30. Nb6 Bd4 31. a4 Rb7 32. a5 Rd8 33. Qb4 Bh8 34. Rd2 Rd4 35. Qa3 Ra7 36. Rb2 Rd8 37. Rb4 Bb5 38. Be3 h5 39. Nc4 Bxc4 40. Rbxc4 Rda8 41. Bd2 h4 42. gxh4 Be5 43. Re1 Re7 44. Qa4 Qd5 45. Bc3 Bxc3 46. Rxc3 Ra6 47. Rd1 Rxa5 48. Rxd5 Rxa4 49. h5 gxh5 50. Rxh5 Rc7 51. c6 Kg7 52. Kg2 Kf6 53. Kg3 Ke6 54. Kf4 Kd6 55. h4 Re7 56. Rh6+ Kc7 57. Re3 f5 58. h5 Re8 59. Kxf5 Rf8+ 60. Kg5 Rxf2 61. Rb3 Rg2+ 62. Kf5 Rf2+ 63. Kg4 Rf8 64. Rb7+ Kc8 65. Rhh7 e3+ 66. Kg5 Rg8+ 67. Kh6 Ra6 68. Rhc7+ 1-0